Home Print Resources E-Books E-Journals IIMT Lecture Series Library Membership Form Book Recommendation Form Campus Tour Take AdmissionAbout Us Contact Us

Business Policy and Strategic Management (Record no. 67164)

000 -LEADER
fixed length control field 00412nam a22001577a 4500
003 - CONTROL NUMBER IDENTIFIER
control field OSt
005 - DATE AND TIME OF LATEST TRANSACTION
control field 20260312103502.0
008 - FIXED-LENGTH DATA ELEMENTS--GENERAL INFORMATION
fixed length control field 260312b |||||||| |||| 00| 0 eng d
020 ## - INTERNATIONAL STANDARD BOOK NUMBER
International Standard Book Number 9789350975466
040 ## - CATALOGING SOURCE
Transcribing agency IIMT UNIVERSITY, MEERUT
100 ## - MAIN ENTRY--PERSONAL NAME
Personal name P. Subba Rao
245 ## - TITLE STATEMENT
Title Business Policy and Strategic Management
260 ## - PUBLICATION, DISTRIBUTION, ETC.
Place of publication, distribution, etc. NEW DELHI
Name of publisher, distributor, etc. Himalaya Publishing House
Date of publication, distribution, etc. 2025
300 ## - PHYSICAL DESCRIPTION
Extent 550
942 ## - ADDED ENTRY ELEMENTS (KOHA)
Source of classification or shelving scheme
Koha item type Book Bank
Holdings
Withdrawn status Lost status Source of classification or shelving scheme Damaged status Not for loan Home library Current library Date acquired Source of acquisition Inventory number Total Checkouts Barcode Date last seen Price effective from Koha item type
          IIMT University Central Library Meerut IIMT University Central Library Meerut 03/12/2026 R.LALL BOOK DEPOT GD/IN/387, 11/03/2026   01-B-146921 03/12/2026 03/12/2026 Book Bank
          IIMT University Central Library Meerut IIMT University Central Library Meerut 03/12/2026 R.LALL BOOK DEPOT GD/IN/387, 11/03/2026   01-B-146922 03/12/2026 03/12/2026 Book Bank
          IIMT University Central Library Meerut IIMT University Central Library Meerut 03/12/2026 R.LALL BOOK DEPOT GD/IN/387, 11/03/2026   01-B-146923 03/12/2026 03/12/2026 Book Bank
          IIMT University Central Library Meerut IIMT University Central Library Meerut 03/12/2026 R.LALL BOOK DEPOT GD/IN/387, 11/03/2026   01-B-146924 03/12/2026 03/12/2026 Book Bank
          IIMT University Central Library Meerut IIMT University Central Library Meerut 03/12/2026 R.LALL BOOK DEPOT GD/IN/387, 11/03/2026   01-B-146925 03/12/2026 03/12/2026 Book Bank
IIMT, Central Library. All Rights Reserved IIMT,UNIVERSITY © 2023
Implemented and Customised by I CLOUDE EMS
You Are OPAC Visitor No
free web counter

Powered by Koha